Star Wars VI : (Record no. 150)
[ view plain ]
| 000 -LEADER | |
|---|---|
| fixed length control field | 01157nam a2200241 a 4500 |
| 005 - DATE AND TIME OF LATEST TRANSACTION | |
| control field | 20260322212008.0 |
| 008 - FIXED-LENGTH DATA ELEMENTS--GENERAL INFORMATION | |
| fixed length control field | data |
| 099 ## - LOCAL FREE-TEXT CALL NUMBER (OCLC) | |
| Classification number | DVD 996 |
| 001 - CONTROL NUMBER | |
| control field | data |
| 100 1# - MAIN ENTRY--PERSONAL NAME | |
| Personal name | Kazanjian, Howard |
| 245 10 - TITLE STATEMENT | |
| Title | Star Wars VI : |
| Remainder of title | Return of the Jedi / |
| Statement of responsibility, etc. | [Lucasfilm Ltd.] ; produced by Howard Kazanjian ; screenplay by Lawrence Kasdan and George Lucas ; story by George Lucas ; directed by Richard Marquand. |
| 260 ## - PUBLICATION, DISTRIBUTION, ETC. | |
| Place of publication, distribution, etc. | Beverly Hills, Calif. : |
| Name of publisher, distributor, etc. | 20th Century Fox ; |
| Date of publication, distribution, etc. | [2004]. |
| 300 ## - PHYSICAL DESCRIPTION | |
| Extent | 1 videodisc (ca. 136 min.) : sd., col. ; |
| Other physical details | 4 3/4 in. |
| 500 ## - GENERAL NOTE | |
| General note | Updates include those in the 1997 theatrical release "special edition' with remastered image and sound quality, enhanced special effects and altered soundtrack and scenes by George Lucas. Originally released as a motion picture in 1983. |
| 520 3# - SUMMARY, ETC. | |
| Summary, etc. | Luke Skywalker rescues his friends, Han Solo and Princess Leia, from Jabba the Hutt, and wages his own battle against Darth Vader. |
| 650 #0 - SUBJECT ADDED ENTRY--TOPICAL TERM | |
| Topical term or geographic name entry element | Science fiction films |
| 700 1# - ADDED ENTRY--PERSONAL NAME | |
| Personal name | Lucas, George, |
| Dates associated with a name | 1944- |
| 700 1# - ADDED ENTRY--PERSONAL NAME | |
| Personal name | Hamill, Mark. |
| 700 1# - ADDED ENTRY--PERSONAL NAME | |
| Personal name | Ford, Harrison, |
| Dates associated with a name | 1942- |
| 700 1# - ADDED ENTRY--PERSONAL NAME | |
| Personal name | Fisher, Carrie. |
| 700 1# - ADDED ENTRY--PERSONAL NAME | |
| Personal name | Williams, Billy Dee |
| 700 1# - ADDED ENTRY--PERSONAL NAME | |
| Personal name | Oz, Frank. |
| Withdrawn status | Lost status | Damaged status | Not for loan | Home library | Current library | Shelving location | Date acquired | Total checkouts | Full call number | Barcode | Date last seen | Price effective from | Koha item type |
|---|---|---|---|---|---|---|---|---|---|---|---|---|---|
| Riverside | Riverside | General stacks | 22/03/2026 | GEN | BC0010154 | 22/03/2026 | 22/03/2026 | Books |